| 000 | 00534nam a2200181Ia 4500 | ||
|---|---|---|---|
| 005 | 20250115024646.0 | ||
| 008 | 240331s9999 xx 000 0 und d | ||
| 020 | _a955260009X | ||
| 082 |
_bTWO _a944 |
||
| 100 | _aBuultjens, R | ||
| 245 | 0 |
_aTwo hundred years after the French revolution : _blectures in commemoration of the bicentenary of the French revolution |
|
| 260 |
_aKandy _bInstitute if Fundamental Studies _c1990 |
||
| 300 | _aVii, 130 p ., | ||
| 650 | _aHistory | ||
| 650 | _aBuddhism | ||
| 650 | _aHistory | ||
| 942 | _cL | ||
| 999 |
_c3515 _d3515 |
||